LEADER 01143nam 2200337Ia 450 001 996387072903316 005 20221108050250.0 035 $a(CKB)1000000000629116 035 $a(EEBO)2264191080 035 $a(OCoLC)12331601 035 $a(EXLCZ)991000000000629116 100 $a19850731d1671 uy | 101 0 $aeng 135 $aurbn||||a|bb| 200 10$aSir Salomon, or, The cautious coxcomb$b[electronic resource] $ea comedy as it is acted at His Royal Highness the Duke of York's Theatre 210 $aLondon $cPrinted for H. Herringman ...$d1671 215 $a[5], 91 [i.e. 93], [1] p 300 $aAdaptation of: L'école des femmes / Molière. 300 $aWritten by J. Caryll. Cf. Halkett & Laing (2nd ed.). 300 $aReproduction of original in University of Michigan Libraries. 330 $aeebo-0171 700 $aCaryll$b John$f1625-1711.$01004294 701 $aMolie?re$f1622-1673.$0389055 801 0$bEAA 801 1$bEAA 801 2$bm/c 801 2$bWaOLN 906 $aBOOK 912 $a996387072903316 996 $aSir Salomon, or, The cautious coxcomb$92357789 997 $aUNISA